Tư bản : Phê chuẩn khoa học kinh tế chính trị

Đã lưu trong:
書目詳細資料
主要作者: Mác, Các
格式: 圖書
標簽: 添加標簽
沒有標簽, 成為第一個標記此記錄!
Thư viện lưu trữ: Mạng thư viện Đại học Đà Nẵng
LEADER 00820nam a2200229 4500
001 000007614
003 3777
005 20150812140818.0
008 111007s sd
100 0 |a Mác, Các 
245 0 0 |a Tư bản : Phê chuẩn khoa học kinh tế chính trị  |c Mác, Các 
300 |a 2 tập 
774 |a Mác, Các  |d H.  |d Sự thật  |d 1978  |g Q. 3. T. 1  |h 619 tr  |n Dịch theo bản tiến Pháp  |t Toàn bộ quá trình của sản xuất tư bản chủ nghĩa.  |w 3778 
774 |a Mác, Các  |d Sự thật  |d H.  |d 1976  |g Q.1  |h 495tr  |t Quá trình sản xuất của Tư bản, T.2  |w 3780 
OWN |a LSP 
999 |a From the UDN01 
TYP |a Monograph 
TYP |a Printed language 
980 |a Mạng thư viện Đại học Đà Nẵng